<?xml version="1.0" encoding="UTF-8"?>
<record
    xmlns:xsi="http://www.w3.org/2001/XMLSchema-instance"
    xsi:schemaLocation="http://www.loc.gov/MARC21/slim http://www.loc.gov/standards/marcxml/schema/MARC21slim.xsd"
    xmlns="http://www.loc.gov/MARC21/slim">

  <leader>00830nam a22002417a 4500</leader>
  <datafield tag="952" ind1=" " ind2=" ">
    <subfield code="a">0001</subfield>
    <subfield code="b">0001</subfield>
    <subfield code="d">2023-01-19</subfield>
    <subfield code="l">0</subfield>
    <subfield code="o">398.22 D85b 2018</subfield>
    <subfield code="p">020714</subfield>
    <subfield code="r">2023-01-19 00:00:00</subfield>
    <subfield code="w">2023-01-19</subfield>
    <subfield code="y">BKS</subfield>
  </datafield>
  <datafield tag="999" ind1=" " ind2=" ">
    <subfield code="c">15144</subfield>
    <subfield code="d">15144</subfield>
  </datafield>
  <controlfield tag="003">MIRAKIL</controlfield>
  <controlfield tag="005">20230119162842.0</controlfield>
  <controlfield tag="008">230119b        tu ||||| |||| 00| 0 tur d</controlfield>
  <datafield tag="020" ind1=" " ind2=" ">
    <subfield code="a">9786053995128</subfield>
  </datafield>
  <datafield tag="040" ind1=" " ind2=" ">
    <subfield code="a">TR-AnCHP</subfield>
    <subfield code="c">TR-AnCHP</subfield>
  </datafield>
  <datafield tag="041" ind1=" " ind2=" ">
    <subfield code="a">tur</subfield>
  </datafield>
  <datafield tag="082" ind1=" " ind2=" ">
    <subfield code="a">398.22</subfield>
    <subfield code="b">D85b 2018</subfield>
  </datafield>
  <datafield tag="100" ind1=" " ind2=" ">
    <subfield code="a">Duman, Mustafa</subfield>
  </datafield>
  <datafield tag="245" ind1=" " ind2=" ">
    <subfield code="a">Resimli ta&#x15F;bask&#x131;s&#x131; Nasreddin Hoca kitaplar&#x131; :      </subfield>
    <subfield code="b">a&#xE7;&#x131;klama-metin-resimler / </subfield>
    <subfield code="c">Mustafa Duman</subfield>
  </datafield>
  <datafield tag="246" ind1=" " ind2=" ">
    <subfield code="a">a&#xE7;&#x131;klama-metin-resimler</subfield>
  </datafield>
  <datafield tag="260" ind1=" " ind2=" ">
    <subfield code="a">&#x130;stanbul:</subfield>
    <subfield code="b">&#x130;stanbul Bilgi &#xDC;niversitesi yay&#x131;nlar&#x131;,</subfield>
    <subfield code="c">2018.</subfield>
  </datafield>
  <datafield tag="300" ind1=" " ind2=" ">
    <subfield code="a">286 s.:</subfield>
    <subfield code="b">res.;</subfield>
    <subfield code="c">22 sm.</subfield>
  </datafield>
  <datafield tag="490" ind1="0" ind2=" ">
    <subfield code="a">&#x130;stanbul Bilgi &#xDC;niversitesi yay&#x131;nlar&#x131;;</subfield>
    <subfield code="a">Edebiyat ve dil;</subfield>
    <subfield code="v">624.</subfield>
    <subfield code="v">12.</subfield>
  </datafield>
  <datafield tag="504" ind1=" " ind2=" ">
    <subfield code="a">Kaynak&#xE7;a ve dizin vard&#x131;r.</subfield>
  </datafield>
  <datafield tag="650" ind1=" " ind2="0">
    <subfield code="9">19</subfield>
    <subfield code="a">T&#xFC;rk edebiyat&#x131;</subfield>
    <subfield code="x">F&#x131;kralar</subfield>
  </datafield>
  <datafield tag="740" ind1=" " ind2=" ">
    <subfield code="a">a&#xE7;&#x131;klama-metin-resimler</subfield>
  </datafield>
  <datafield tag="942" ind1=" " ind2=" ">
    <subfield code="2">ddc</subfield>
    <subfield code="c">BKS</subfield>
  </datafield>
</record>
